| 000 | 00672cam a2200193 a 4500 | ||
|---|---|---|---|
| 001 | 000007649 | ||
| 005 | 20200929154239.0 | ||
| 008 | 720726s1953 fr a 000 0 fre | ||
| 040 |
_aDO-SdBNP _bspa _cBNPHU |
||
| 082 |
_axx _bP331c |
||
| 100 | 1 |
_aPaulme, Denise. _921218 |
|
| 245 | 1 | 4 |
_aLes civilisations africaines / _cDenise Paulme. |
| 260 |
_aParis : _bPresses Universitaires de France, _c1953. |
||
| 300 |
_a124, [4] p. : _bil. ; _c18 cm. |
||
| 490 | 1 |
_a"Que sais-je?" Le point des connaissances actuelles, _v606 |
|
| 504 | _aBibliografía: p. [125] | ||
| 651 | 0 |
_aAfrica _xCivilization. _921219 |
|
| 830 | 0 |
_a"Que sais-je?" Le point des connaissances actuelles, _v606 _94675 |
|
| 999 |
_c7429 _d7429 |
||